| 000 | 00663nam a22001937a 4500 | ||
|---|---|---|---|
| 005 | 20170802155227.0 | ||
| 010 | _aENG-119518 | ||
| 020 |
_c225.00 _a9788184654943 |
||
| 035 | _aEN-103050 | ||
| 037 | _bDBAD/PUB | ||
| 082 | _a280.64 | ||
| 100 | _aMarkose,Baiju | ||
| 245 |
_aRitual and rhythm of life : _cby Baiju Markose _ba study of theyyam in North malabar / |
||
| 260 |
_aDelhi _bThe Indian Society for Promoting Christian Knowlewdge(ISPCK)) _c2015 |
||
| 270 |
_a1585,1654 Madarsa Road Kashmere Gate _bDelhi _e110006 |
||
| 300 |
_axxv,117p. _c23cm(pbk) |
||
| 500 | _aIncludes bibliographical references | ||
| 942 |
_2ddc _cEN _mMAR _h280.64 |
||
| 999 |
_c143081 _d143081 |
||